000 00533nam a22001697a 4500
003 OSt
005 20260303113723.0
008 260303b |||||||| |||| 00| 0 eng d
040 _cMRSPTU
041 _aEnglish
100 _aSukriti, Supervisor: Dr. Sanjiv Kumar Aggarwal
245 _aComparative Cost Study of Rain Water Harvesting Reservoir
260 _bDepartment of Civil Engg. MRSPTU, Bathinda
_c2015
650 _aCivil Engineering
856 _uhttp://163.47.215.52:8080/jspui/handle/123456789/1141
942 _2ddc
_cTH
_n0
999 _c11044
_d11044